Statistiken für Top 15 Länder mit Covid-19-Todesfällen - 17. Juli

Klicken Sie hier um das Quiz zu spielen!

Allgemein

  • Dieses Quiz wurde 11 mal gespielt
  • Das Durchschnittsergebnis liegt bei 14 aus 20

Antwortstatistiken

Land% Korrekt
Deutschland
100%
Brasilien
88%
Frankreich
88%
Indien
88%
Italien
88%
Russland
88%
Spanien
88%
Iran
75%
Mexiko
75%
Schweden
75%
Belgien
63%
Chile
63%
Kanada
63%
Peru
63%
Vereinigtes Königreich
63%
Vereinigte Staaten
63%
Irland
50%
Niederlande
50%
Ecuador
25%
Panama
25%

Verteilung der Resultate

Perzentil nach korrekt beantworteten Fragen

Anzahl Personen mit jedem Resultat

Ihre Resultats-Entwicklung

Sie haben dieses Quiz noch nicht gespielt